000 00320nam a22001337a 4500
020 _a9789351115809
082 _a820.9
100 _aBalwan , Kaure
245 _aRealism In English Literature
260 _aNew Delhi :
_bRandom Publications,
_c2015.
300 _a290 p. ;
_b24 cm.
500 _aHardcover.
942 _cBK
999 _c33630
_d33630